Responses for Show #8101 - Monday, November 25, 2019

Contestants

[<< previous game]

Stephen Pokora, a naval architect from Annapolis, Maryland

Beth Stewart, a receptionist from Naperville, Illinois

Elise Nussbaum, a financial counselor from Jersey City, New Jersey (whose 3-day cash winnings total $79,600)

[next game >>]

Jeopardy! Round responses

SHOW ME THE MONEY!
THE 1960s
MEDICAL IDIOMS
NEW YORK-SET NOVELS
IF IT WERE AN ACTION MOVIE
(Alex We want you to name the movie for us.)
WORD ON THE STREET
    $200 13
a rupee

Stephen
    $200 3
smoking

Stephen
    $200 4
take the temperature

Elise
    $200 5
Catcher in the Rye

Stephen
    $200 6
It

Elise
    $200 1
Avenue

Beth
    $400 14
(Elise: What is the ruble?)

Mexico

Elise
Triple Stumper
    $400 7
(Muhammad) Ali

Stephen
    $400 30
(taste of) their own medicine

Stephen
    $400 28
Incredibly Close

Elise
    $400 9
Finding Nemo

Stephen
    $400 2
Boulevard

Elise
    $600 15
James Madison

Triple Stumper
    $600 8
drop out

Elise
    $600 29
(Stephen: What's a poke in the eye?)

a black eye

BethStephen
    $600 25
The Godfather

Elise
    $600 10
Amélie

Triple Stumper
    $600 16
Drive

Beth
    $800 23
Thailand

Stephen
    $800 12
the Watusi

Elise
    $800 26
a bitter pill

Elise
    $800 19
A Tree Grows in Brooklyn

Elise
    $800 11
Mamma Mia!

Beth
    $800 17
Lane

Beth
    $1000 24
a shekel

Elise
    $1000 22
Khrushchev

Beth
    $1000 27
just what the doctor ordered

Elise
    $1,600 20
(Elise: What is...)
(Alex: Hurry.)
(Elise: Devil in the White City?)

The Alienist

Elise
    $1000 21
La La Land

Stephen
    $1000 18
Via

Elise

Scores at the first commercial break (after clue 15):

Elise Beth Stephen
$1,800 $1,000 $1,400

Scores at the end of the Jeopardy! Round:

Elise Beth Stephen
$5,800 $4,000 $3,000

Double Jeopardy! Round responses

MODELS OF THE HEAVENS
1990s LYRICS
PHILOSOPHY
DOUBLE LETTERS IN THE MIDDLE
WORLD GEOGRAPHY
HISTORIC MERCENARIES
    $400 19
Pluto

Stephen
    $400 3
(Beth: What is "I'm Sexy And I Know It"?)

"I'm Too Sexy"

EliseBeth
    $400 11
Plato

Stephen
    $400 14
a kennel

Elise
    $400 1
the Volga

Beth
    $400 26
the Delaware

Beth
    $800 20
(Stephen: What are galaxies?)

constellations

Stephen
Triple Stumper
    $800 4
"Just A Girl"

Elise
    $800 12
religion

Beth
    $800 15
a noggin

Elise
    $800 2
the Falkland Islands

Elise
    $800 27
the Hundred Years' War

Beth
    $1200 21
a comet

Beth
    $1200 5
"Emotions"

Elise
    $1200 13
vegetative

Elise
    $1200 16
a callus

Stephen
    $5,000 8
(Beth: [Before wagering] Faint heart never won fair maiden or game show. Um... $5,000.)

the Malay Peninsula

Beth
    $1200 28
the Persian Empire

Elise
    $1600 22
Apollo 17

Triple Stumper
    $1600 6
"Man On The Moon"

Elise
    $1600 23
John Locke

Triple Stumper
    $1600 17
a bobbin

Beth
    $1600 9
(Stephen: What is Yerevan?)

Sana'a

BethStephen
    $1600 29
El Cid

Elise
    $2000 25
Centauri

Elise
    $2000 7
"Iris"

Beth
    $2000 24
empiricism

Triple Stumper
    $4,000 18
(Beth: [Sighs] Um... [Sighs])
(Alex: Oh...)
(Beth: What is [*]?)
(Alex: Ooh, Beth, you just beat the time's up signal.)
[Applause]

dressage

Beth
    $2000 10
Mont Blanc

Elise
    $2000 30
the Gurkhas

Triple Stumper

Scores at the end of the Double Jeopardy! Round:

Elise Beth Stephen
$19,800 $21,400 $2,600

[wagering suggestions for these scores]

Final Jeopardy! Round responses

BUSINESS 2019
StephenWhat is LEVI?
$900
EliseWhat is Uber?
$19,000
BethWhat is LEVI
$18,201
LEVI

Final scores:

Elise Beth Stephen
$800 $39,601 $3,500
3rd place: $1,000 New champion: $39,601 2nd place: $2,000

Game dynamics:

Coryat scores:

Elise Beth Stephen
$21,400 $15,600 $2,600
24 R,
2 W
(including 1 DD)
16 R
(including 2 DDs),
1 W
11 R,
3 W

Combined Coryat: $39,600

[game clues] [game scores] [suggest correction]

Game tape date: 2019-09-25
The J! Archive is created by fans, for fans. Scraping, republication, monetization, and malicious use prohibited; this site may use cookies and collect identifying information. See terms. The Jeopardy! game show and all elements thereof, including but not limited to copyright and trademark thereto, are the property of Jeopardy Productions, Inc. and are protected under law. This website is not affiliated with, sponsored by, or operated by Jeopardy Productions, Inc. Join the discussion at JBoard.tv.